Портрет в контексте культурфилософских проблем; Известия Томского политехнического университета [Известия ТПУ]; Т. 321, № 6 : Экономика. Философия, социология и культурология. История

Bibliographische Detailangaben
Parent link:Известия Томского политехнического университета [Известия ТПУ]/ Томский политехнический университет (ТПУ).— , 2000-
Т. 321, № 6 : Экономика. Философия, социология и культурология. История.— 2012.— [С. 200-204]
1. Verfasser: Лихацкая Л. Н. Людмила Николаевна
Zusammenfassung:Заглавие с титульного листа
Электронная версия печатной публикации
Поставлена проблема изучения произведения художественного творчества как культурного артефакта. Сделана попытка соотношения понятий портрета как культурного артефакта с понятием зеркала в механизмах функционирования. Автор рассматривает сходство и различие понятий зеркала и портрета. Актуализируется системный подход в изучении объектов культуры (произведений художественного творчества). Предложены графические схемы, представляющие образ в портрете и образ в зеркале.
Sprache:Russisch
Veröffentlicht: 2012
Schriftenreihe:Философия, социология и культурология
Schlagworte:
Online-Zugang:http://earchive.tpu.ru/bitstream/11683/4600/1/bulletin_tpu-2012-321-6-42.pdf
Format: MixedMaterials Elektronisch Buchkapitel
KOHA link:https://koha.lib.tpu.ru/cgi-bin/koha/opac-detail.pl?biblionumber=233676

MARC

LEADER 00000nla2a2200000 4500
001 233676
005 20231031203615.0
035 |a (RuTPU)RU\TPU\book\254755 
035 |a RU\TPU\book\254754 
090 |a 233676 
100 |a 20130307d2012 k y0rusy50 ca 
101 0 |a rus 
102 |a RU 
135 |a drnn ---uucaa 
181 0 |a i  
182 0 |a b 
200 1 |a Портрет в контексте культурфилософских проблем  |b Электронный ресурс  |f Л. Н. Лихацкая 
203 |a Текст  |c электронный 
215 |a 1 файл (206 Кб) 
225 1 |a Философия, социология и культурология 
230 |a Электронные текстовые данные (1 файл : 206 Кб) 
300 |a Заглавие с титульного листа 
300 |a Электронная версия печатной публикации 
320 |a [Библиогр.: с. 204 (12 назв.)] 
330 |a Поставлена проблема изучения произведения художественного творчества как культурного артефакта. Сделана попытка соотношения понятий портрета как культурного артефакта с понятием зеркала в механизмах функционирования. Автор рассматривает сходство и различие понятий зеркала и портрета. Актуализируется системный подход в изучении объектов культуры (произведений художественного творчества). Предложены графические схемы, представляющие образ в портрете и образ в зеркале. 
337 |a Adobe Reader 
461 1 |0 (RuTPU)RU\TPU\book\176237  |t Известия Томского политехнического университета [Известия ТПУ]  |f Томский политехнический университет (ТПУ)  |d 2000- 
463 1 |0 (RuTPU)RU\TPU\book\254614  |x 1684-8519  |t Т. 321, № 6 : Экономика. Философия, социология и культурология. История  |v [С. 200-204]  |d 2012  |p 264 с. 
610 1 |a артефакты 
610 1 |a портреты 
610 1 |a зеркала 
610 1 |a Другой 
610 1 |a объекты 
610 1 |a субъекты 
610 1 |a отражение 
610 1 |a образы 
610 1 |a антиномичность 
610 1 |a ego 
610 1 |a alter ego 
610 1 |a эго 
610 1 |a альтер-эго 
610 1 |a электронный ресурс 
700 1 |a Лихацкая  |b Л. Н.  |g Людмила Николаевна 
801 1 |a RU  |b 63413507  |c 20090623  |g PSBO 
801 2 |a RU  |b 63413507  |c 20220124  |g PSBO 
856 4 |u http://earchive.tpu.ru/bitstream/11683/4600/1/bulletin_tpu-2012-321-6-42.pdf 
942 |c CF